|
|
|
|
| LEADER |
00000nam a2200000 a 4500 |
| 001 |
vtls001369561 |
| 003 |
SK-MaSNL |
| 005 |
20260301201303.0 |
| 008 |
240316s1950 xr e 00101 cze |
| 020 |
|
|
|q (brož.)
|
| 035 |
|
|
|a SNK000323299
|
| 040 |
|
|
|a SNK
|b slo
|c SNK
|e AACR2
|
| 041 |
1 |
|
|a cze
|h rus
|
| 044 |
|
|
|a xr
|c CZ
|
| 072 |
|
7 |
|a 821.161
|x Východoslovanské literatúry
|2 konspekt
|
| 080 |
|
|
|a 821.161.2-32
|2 2011
|
| 080 |
|
|
|a (0:82-322.6)
|2 2011
|
| 100 |
1 |
|
|a Ševčenko, Taras Hryhorovyč,
|d 1814-1861
|4 aut
|9 117034
|
| 240 |
1 |
0 |
|a Chudožnik
|l Česky
|
| 245 |
1 |
0 |
|a Umělec
|c Taras Grigorjevič Ševčenko ; [z ruského originálu ... přeložil a úvod napsala Božena Pašková]
|
| 250 |
|
|
|a 1. autoris. vyd.
|
| 260 |
|
|
|a Praha
|b Svoboda
|c 1950
|
| 300 |
|
|
|a 185 s.
|c 17 cm
|
| 366 |
|
|
|e 10750 výt.
|
| 490 |
1 |
|
|a Světová četba
|v 25. sv.
|
| 504 |
|
|
|a Menný reg.
|
| 655 |
|
7 |
|a ukrajinské poviedky
|2 SNKPH
|9 70503
|
| 655 |
|
7 |
|a autobiografické poviedky
|2 SNKPH
|9 70630
|
| 655 |
|
7 |
|a Ukrainian short stories
|2 SNKPHeng
|9 337617
|
| 655 |
|
7 |
|a Autobiographical short stories
|2 SNKPHeng
|9 319374
|
| 700 |
1 |
|
|a Pašková, Božena
|4 trl
|9 581658
|
| 830 |
|
0 |
|a Světová četba
|9 286148
|
| 852 |
|
|
|a Štátna vedecká knižnica v Banskej Bystrici
|
| 999 |
|
|
|c 894101
|d 896031
|
| 952 |
|
|
|a SNK
|b SNK
|y VYP
|7 0
|o snkID 4965/25
|0 0
|1 0
|4 0
|d 1999-08-04
|l 0
|r 2005-01-02 00:00:00
|w 2026-02-24
|